Kinanthropometry II / (Record no. 5216)
[ view plain ]
| 000 -LEADER | |
|---|---|
| fixed length control field | 01550cam a22004332 4500 |
| 001 - CONTROL NUMBER | |
| control field | 012873762 |
| 003 - CONTROL NUMBER IDENTIFIER | |
| control field | ALUPE UNIVERSITY |
| 005 - DATE AND TIME OF LATEST TRANSACTION | |
| control field | 20220405100657.0 |
| 008 - FIXED-LENGTH DATA ELEMENTS--GENERAL INFORMATION | |
| fixed length control field | 790821s1980 mdua b 100 0 eng |
| 010 ## - LIBRARY OF CONGRESS CONTROL NUMBER | |
| LC control number | 79020353 |
| 020 ## - INTERNATIONAL STANDARD BOOK NUMBER | |
| International Standard Book Number | 083911527X |
| 035 ## - SYSTEM CONTROL NUMBER | |
| System control number | OCLC ocm05353424 from D970922M |
| 040 ## - CATALOGING SOURCE | |
| Original cataloging agency | DLC |
| Transcribing agency | DLC |
| Modifying agency | CUX |
| -- | NLM |
| -- | EQO |
| 050 0# - LIBRARY OF CONGRESS CALL NUMBER | |
| Classification number | RC1235 |
| Item number | .I52 1980 |
| 060 ## - NATIONAL LIBRARY OF MEDICINE CALL NUMBER | |
| Classification number | W3 IN8868D 2d 1978K |
| -- | [QT 255 I1615 1978K] |
| 082 ## - DEWEY DECIMAL CLASSIFICATION NUMBER | |
| Classification number | 612/.044 |
| 111 2# - MAIN ENTRY--MEETING NAME | |
| Meeting name or jurisdiction name as entry element | International Seminar on Kinanthropometry |
| Number of part/section/meeting | (2nd : |
| Date of meeting or treaty signing | 1978 : |
| Location of meeting | Katholieke Universiteit te Leuven) |
| 245 10 - TITLE STATEMENT | |
| Title | Kinanthropometry II / |
| Statement of responsibility, etc. | edited by Michel Ostyn, Gaston Beunen, and Jan Simons. |
| 260 ## - PUBLICATION, DISTRIBUTION, ETC. | |
| Place of publication, distribution, etc. | Baltimore : |
| Name of publisher, distributor, etc. | University Park Press, |
| Date of publication, distribution, etc. | c1980. |
| 300 ## - PHYSICAL DESCRIPTION | |
| Extent | xx, 518 p. : |
| Other physical details | ill. ; |
| Dimensions | 24 cm. |
| 490 1# - SERIES STATEMENT | |
| Series statement | International series on sport sciences ; |
| Volume/sequential designation | v. 9 |
| 504 ## - BIBLIOGRAPHY, ETC. NOTE | |
| Bibliography, etc. note | Includes bibliographies. |
| 650 #0 - SUBJECT ADDED ENTRY--TOPICAL TERM | |
| Topical term or geographic name entry element | Sports |
| General subdivision | Physiological aspects |
| -- | Congresses. |
| 650 #0 - SUBJECT ADDED ENTRY--TOPICAL TERM | |
| Topical term or geographic name entry element | Kinesiology |
| General subdivision | Congresses. |
| 650 #0 - SUBJECT ADDED ENTRY--TOPICAL TERM | |
| Topical term or geographic name entry element | Anthropometry |
| General subdivision | Congresses. |
| 650 #0 - SUBJECT ADDED ENTRY--TOPICAL TERM | |
| Topical term or geographic name entry element | Somatotypes |
| General subdivision | Congresses. |
| 650 #0 - SUBJECT ADDED ENTRY--TOPICAL TERM | |
| Topical term or geographic name entry element | Physical fitness |
| General subdivision | Congresses. |
| 650 #2 - SUBJECT ADDED ENTRY--TOPICAL TERM | |
| Topical term or geographic name entry element | Anthropometry |
| General subdivision | congresses |
| 650 #2 - SUBJECT ADDED ENTRY--TOPICAL TERM | |
| Topical term or geographic name entry element | Motor Skills |
| General subdivision | congresses |
| 650 #2 - SUBJECT ADDED ENTRY--TOPICAL TERM | |
| Topical term or geographic name entry element | Physical Fitness |
| General subdivision | congresses |
| 650 #2 - SUBJECT ADDED ENTRY--TOPICAL TERM | |
| Topical term or geographic name entry element | Somatotypes |
| General subdivision | congresses |
| 650 #2 - SUBJECT ADDED ENTRY--TOPICAL TERM | |
| Topical term or geographic name entry element | Sports Medicine |
| General subdivision | congresses |
| 700 1# - ADDED ENTRY--PERSONAL NAME | |
| Personal name | Ostyn, Michel. |
| 700 1# - ADDED ENTRY--PERSONAL NAME | |
| Personal name | Beunen, Gaston. |
| 700 1# - ADDED ENTRY--PERSONAL NAME | |
| Personal name | Simons, Jan, |
| Dates associated with a name | 1937- |
| 830 #0 - SERIES ADDED ENTRY--UNIFORM TITLE | |
| Uniform title | International series on sport sciences ; |
| Volume/sequential designation | v. 9 |
| 942 ## - ADDED ENTRY ELEMENTS (KOHA) | |
| Source of classification or shelving scheme | |
| Koha item type | Book |
| Suppress in OPAC | CM |
| Withdrawn status | Lost status | Source of classification or shelving scheme | Damaged status | Not for loan | Permanent Location | Current Location | Shelving location | Date acquired | Source of acquisition | Total Checkouts | Full call number | Barcode | Date last seen | Price effective from | Koha item type | Public note |
|---|---|---|---|---|---|---|---|---|---|---|---|---|---|---|---|---|
| AU LIBRARY | AU LIBRARY | Open Shelf | 05.04.2022 | DONATION FROM MOI UNIVERSITY | RC1235 .I52 1980 | 28011878 | 05.04.2022 | 05.04.2022 | Book | CM |